000 00226nam a2200097Ia 4500
008 190216s9999||||xx |||||||||||||| ||und||
100 _aBenchamin Baily
245 0 _aMalayalam English Dictionary
260 _bNull
942 _cREF
999 _c35291
_d35291